Statistics for Latin America Top 10 Geography #1

Click here to take the quiz!

General Stats

  • This quiz has been taken 83 times
  • The average score is 67 of 100

Answer Stats

Hint Answer % Correct
1)8'515'767Brazil
100%
3)1'972'550Mexico
99%
2)2'780'400Argentina
99%
1)105'806km2Cuba
99%
2)8'874'724Mexico City
99%
9)406'752Paraguay
97%
4)33°45'SBrazil
97%
10)2'549kmParaguay River
97%
8)756'096Chile
97%
5)1'141'748Colombia
97%
4)1'285'216Peru
96%
7)916'445Venezuela
94%
9)04°14'SColombia
94%
6)1'098'581Bolivia
93%
1)60%Spanish
93%
5)6'498'837Rio de Janeiro
93%
3)35°02'SUruguay
92%
10)283'550Ecuador
90%
2)73'016Dominica
89%
7)258 people/km2Trinidad and Tobago
89%
6)11'190km2Jamaica
89%
1)6'992kmAmazon River
87%
1)12'038'175São Paulo
87%
9)French
86%
8)English
86%
2)34%Portuguese
86%
1)56'183Saint Kitts and Nevis
85%
2)409 people/km2Haiti
83%
7)285'006Barbados
83%
10)2'914'830Brasília
83%
3)92'738Antigua and Barbuda
82%
9)392'718Bahamas
82%
5)270 people/km2St.Lucia
80%
6)259 people/km2St. Vincent and the Grenadines
80%
7)3'054'300Buenos Aires
80%
6)186'383Saint Lucia
80%
5)109'644Saint Vincent and the Grenadines
80%
9)220 people/km2Dominican Republic
79%
4)7'776'845Bogotá
79%
8)366'942Belize
76%
3)301 people/km2El Salvador
76%
6)5'743'719Santiago
76%
8)3'289'886Caracas
75%
10)547'610Suriname
75%
3)8'673'713Lima
75%
2)73'929km2Hispaniola
75%
10)Dutch
72%
4)107'327Grenada
70%
6)2'491'106Belo Horizonte
66%
7)9'100km2Puerto Rico
65%
9)2'921'087Salvador
55%
7)2'020'301Manaus
55%
5)2'571'896Fortaleza
52%
9)1'608'488Recife
52%
10)1'472'482Porto Alegre
51%
7)50'479Port of Spain
49%
6)40'020Kingstown
48%
4)16'451Belmopan
48%
1)7'500St. George's
46%
5)22'679St. John's
46%
8)1'864'416Curitiba
45%
8)70'000Castries
45%
10)134'599Georgetown
45%
7)3'051kmRio Grande
44%
3)14'847Roseau
44%
9)110'000Bridgetown
41%
3)6%Quechua
39%
2)4'880kmParaná River
37%
2)13'043Basseterre
37%
10)7'040km2East Falkland
31%
4)Mayan Languages
25%
5)Guaraní
25%
6)Aymara
24%
3)47'701km2Isla Grande de Tierra del Fuego
20%
7)Nahuatl
13%
4)40'100km2Marajó
11%
6)3'180kmSão Francisco River
10%
4)3'380kmMadeira River
8%
8)8'478km2Chiloé Island
8%
3)3'650kmTocantins River
7%
5)20'000km2Bananal
6%
8)2'627kmAraguaia River
4%
9)2'615kmJapurá River
4%
5)3'211kmPurús River
3%
9)7'700km2Tupinambarana
3%

Score Distribution

Percentile by Number Answered

Percent of People with Each Score

Your Score History

You have not taken this quiz